| 000 | 00606nam a22002177a 4500 | ||
|---|---|---|---|
| 999 |
_c2214 _d2214 |
||
| 003 | OSt | ||
| 005 | 20210206131525.0 | ||
| 008 | 150902b xxu||||| |||| 00| 0 eng d | ||
| 020 | _a9781455748662 | ||
| 040 | _cDNLM | ||
| 082 | _aWO450 C41c 2014 | ||
| 100 |
_aChestnut, David H.;[et ...al] _95642 |
||
| 245 |
_aChestnut's Obstetric Anesthesia: _bprinciples and practice |
||
| 250 | _a5th ed. | ||
| 260 |
_aPhiladelphia; _bElsevier, _c2009 |
||
| 300 |
_axvii,1304p; _bcol.ill: _c28.5cm |
||
| 504 | _aReferences, & indices. | ||
| 650 |
_aObstetrics _95 |
||
| 650 |
_aAnesthesia _93094 |
||
| 942 |
_2z _cO_SHELF |
||